01631nam a22001217a 4500008004100000100004200041245009100083260004700174300003800221520110000259650010301359773004701462210724b ||||| |||| 00| 0 eng d aTulenko, Kate and Vervoort, Dominique aCracks in the system: The effects of the coronavirus pandemic on public health systems aAmerican Review of Public Administration  a50(6-7), Aug-Oct, 2020: p.455-466 aThe novel coronavirus disease 2019 (COVID-19) pandemic has rapidly wrought havoc on the world, exposing the gaps in public health systems of countries that were previously considered most prepared for infectious disease outbreaks. Notably, despite being ranked highest on the Global Health Security Index, the United States has been severely hit with nearly two million confirmed cases and one hundred thousand deaths by the end of May 2020. In addition to the public health fragmentation from the federal to the state level and lagging regulations, early reports highlight substantial socioeconomic disparities and health system barriers contributing to the spread and impact of the pandemic in the United States. In this review, we explore the impact of COVID-19 on public health systems by assessing systems through the lens of the Centers for Disease Control and Prevention’s Ten Essential Public Health Services. Building on prepandemic and COVID-19 observations and lessons, we propose recommendations moving forward to prepare for future waves and other disease outbreaks. - Reproduced  aCOVID-19, Coronavirus, Public health, Health systems, Epidemics, Pandemics, Global health security aAmerican Review of Public Administration